000 005360000a22001930004500
020 _a958-97056-3-4
041 0 _aSPA
082 0 4 _aG 248.83 F175a
100 1 _aFajardo, Claudia de
245 1 0 _aAfirmando mis pasos : Preadolescentes / Claudia de Fajardo
260 _aBogotá, Colombia : Buena Semilla
300 _a170 Pag
650 1 4 _aVIDA CRISTIANA - MUCHACHOS ADOLESCENTES
001 5726
942 _cBK
999 _c36100
_d36100
336 _atexto
_btxt
_2rdacontent
337 _2rdamedia
_asin mediación
_bn
338 _2rdacarrier
_avolumen
_bnc